| 000 | 00405nam a2200157Ia 4500 | ||
|---|---|---|---|
| 008 | 210719s1976 xx 000 0 und d | ||
| 020 | _a0801096724 | ||
| 041 | _aeng | ||
| 082 | _a241.6976 BAJA | ||
| 100 | _aBAJEMA (Clifford E) | ||
| 245 | _aAbortion and the meaning of personhood. | ||
| 260 |
_aMichigan _bBaker Book House _c1976 |
||
| 300 |
_a114 _bPB |
||
| 365 | _cRs | ||
| 650 | _aGeneral Knowledge | ||
| 999 |
_c212596 _d212596 |
||